000
00183nam a22000977a 4500
082
_a
894.812
_b
MAN/K
100
_a
MANOJ
245
_a
KALAVADHI
650
_a
MALAYALAM STORY
942
_c
BK
999
_c
7716
_d
7716